000 00714cab a2200241 4500
001 X2971
008 090401t1995 xxu||||| |||| 00| 0 eng d
035 _a(Sirsi) u27586
041 _aeng
100 _aHitchens, A.
245 _aGetting the better of Land`s End
260 _c1995
350 _a0
490 _aCSM (Chartered Surveyor Monthly)
_v4(9) July/August 1995, 41(1)
520 _aReports on the renovation of the Land`s End Statehouse Hotel and the problems faced due to the building`s exposure to high winds and salt.
650 _aLANDS END
650 _aRENOVATION
650 _aSALT
650 _aSTATEHOUSE HOTEL
690 _aBUILT ENVIRONMENT
942 _n0
948 _c04/03/1997
999 _c18572
_d18572